【PC平台限定】4×8扫雷(真就是扫雷) - Statistics

General Stats
  • This quiz has been taken 732 times
  • The average score is 7 of 20
Answers on the Grid
Answers color-coded by a green-red scale on the quiz's grid according to % correct below.
不要踩我的右侧
我周围是安全区
我周围共3颗雷
我很危险,别碰
每列都有3颗雷
我这行共1颗雷
我不是地雷
小心我的左下
我头顶不是地雷
我周围共3颗雷
我周围共2颗雷
我左方共2颗雷
我下方共2颗雷
我下方共1颗雷
我下方共2颗雷
我下方共1颗雷
小心我的右上
我不是雷,真的
我这行有1颗雷
我上方共2颗雷
我上方共2颗雷
我周围共4颗雷
我下方共1颗雷
多算算我这列吧
我右上是安全的
后两行雷数相等
我头顶是地雷
我脚下是地雷
我什么都不知道
我周围共3颗雷
我的右侧是地雷
小心我的左上
 
Answer Stats
Answer % Correct
不要踩我的右侧
78%
我不是地雷
78%
我这行共1颗雷
68%
每列都有3颗雷
68%
我周围共3颗雷
67%
我不是雷,真的
57%
我周围共4颗雷
41%
我的右侧是地雷
25%
我脚下是地雷
23%
我这行有1颗雷
23%
我上方共2颗雷
22%
多算算我这列吧
21%
我左方共2颗雷
20%
我下方共2颗雷
19%
我周围共3颗雷
19%
我下方共1颗雷
17%
我周围共3颗雷
14%
我下方共2颗雷
13%
我右上是安全的
11%
我上方共2颗雷
11%
No matching quizzes found
Score Distribution
Percent of People with Each Score
Percentile by Number Answered
Your Score History
You have not taken this quiz